| 000 | 00910nam a2200277 a 4500 | ||
|---|---|---|---|
| 001 | 36004 | ||
| 003 | DB-RjUL | ||
| 005 | 20211209052422.0 | ||
| 008 | 140615s1988 mdu b 001 0 eng d | ||
| 020 | _a0333396405 | ||
| 020 | _a0333396413 (pbk) | ||
| 035 | _a(DB-RjUL)36101 | ||
| 040 |
_aDLC _cDLC _beng _dDB-RjUL |
||
| 041 | _aeng | ||
| 082 |
_a320.91724 _219 _bCAT 1988 |
||
| 100 | 1 |
_aCammack, Paul A. _q(Paul Anthony) _9109607 |
|
| 245 | 1 | 0 |
_aThird World politics : _ba comparative introduction / _cPaul Cammack, David Pool, and William Tordoff |
| 260 |
_aBasingstoke : _bMacmillan Education, _c1988 |
||
| 300 |
_axi, 308 p. : _bmaps ; _c22 cm |
||
| 504 | _aBibliography: p. 296-301 & Includes index | ||
| 651 | 0 |
_aDeveloping countries _xPolitics and government _9109608 |
|
| 700 | 1 |
_aPool, David. _9109609 |
|
| 700 | 1 |
_aTordoff, William, _d1925- _9109610 |
|
| 942 |
_2ddc _cBK |
||
| 999 |
_c36004 _d36004 |
||